Bastille - Bad Blood - Statistics

General Stats
  • This quiz has been taken 277 times
  • The average score is 10 of 15
Answer Stats
Answer % Correct
Bad Blood
96%
Pompeii
96%
Flaws
79%
Things We Lost In The Fire
78%
Laura Palmer
77%
Oblivion
76%
Icarus
75%
Daniel In The Den
63%
Overjoyed
62%
These Streets
60%
Get Home
55%
Weight Of Living Pt 2
52%
Weight Of Living Pt 1
50%
Laughter Lines
46%
The Silence
41%
No matching quizzes found
Score Distribution
Percent of People with Each Score
Percentile by Number Answered
Your Score History
You have not taken this quiz